LEADER 01152nam a2200289 u 4500 001 000000031450 003 CaOOAMICUS 005 20070226112136.0 008 971003s1967 it u000 u ita u 035 $a10771319 040 $aPUL$bita 041 1 $aita$hger 130 0 $aBiblia.$pN.T.$pAd Galatas.$lItaliano.$0(OLS)http://pul/title/32753 245 10$aLettera ai Galati /$cGerhard Schneider. 250 $a2. ed. 260 $aRoma :$bCittà Nuova,$c1967. 300 $a162 p. ;$c21 cm 490 1 $aCommenti spirituali del Nuovo Testamento 630 04$aBiblia.$pN.T.$pAd Galatas$xCommenti.$0(OLS)http://pul/subject/6279 700 1 $aSchneider, Gerhard.$tBrief an die Galater$lItaliano.$0(OLS)http://pul/name/25102 830 0$aCommenti spirituali del Nuovo Testamento.$0(OLS)http://pul/title/32721 850 $aPUL 852 $aPUL$W1$xSL Religione 1$y3$m1(7) L 15$j43439$nBK-PRI$b $qStampati$B43439$CPULBib$Z2$F43439 $H $81 941 1 $a8 961 $aINV: 30539 996 $6245$aLettera ai Galati$9(OLS)http://pul/title/32752 996 $6260$aRoma :$bCittà Nuova$9(OLS)http://pul/publisher/47927 LEADER 01740nam a2200313 u 4500 001 000000053886 003 CaOOAMICUS 005 20070226115618.0 008 001123s1968 it u000 u ita u 035 $a10862198 040 $aPUL(R)$bita 100 1 $aMuzio, Giuseppe.$0(OLS)http://pul/name/507 245 10$aPer un nuovo spiritualismo cristiano :$bsaggi di pluralismo filosofico-teologico ispirato alla dottrina essenziale dei Padri e dottori /$cGiuseppe Muzio. 260 $aRoma :$bLibreria Editrice Salesiana,$c1968. 300 $a79 p. ;$c24 cm 490 1 $aQuaderni "Sodalitas thomistica" ;$v12 504 $aNote bibliografiche. 505 0 $a1.: Filosofia e teologia. La zattera e la nave. Itinerari metafisici. -- 2.: Il rapporto creatore creature. Evoluzione e creazione. -- 3.: Verità e libertà. Valori umani e progresso. Coesistenza e cultura. Il dialogo. 650 4$aFilosofia.$0(OLS)http://pul/subject/362 650 4$aMetafisica.$0(OLS)http://pul/subject/433 830 0$aQuaderni "Sodalitas thomistica" ;$v12.$0(OLS)http://pul/title/16511 850 $aPUL 852 $aPUL$W1$xDP1 Fondo Giannini$y60$m1555 E 17$j71027$nBK-PRI$b $qFondi$B71027$CPULBib$Z2$F71027 $H $81 852 $aPUL$W1$xDP1 Fondo Giannini$y60$m1559 E 23$j71028$nBK-PRI$b $qFondi$B71028$CPULBib$Z2$F71028 $H $81 941 1 $a1 961 $aINV: Fondo Giannini 961 $aINV: F:; Giannini 996 $6245$aPer un nuovo spiritualismo cristiano :$bsaggi di pluralismo filosofico-teologico ispirato alla dottrina essenziale dei Padri e dottori$9(OLS)http://pul/title/72278 996 $6260$aRoma :$bLibreria Editrice Salesiana$9(OLS)http://pul/publisher/56471